MARC

LEADER 00000nam a22000007a 4500
005 20201029232323.0
007 cr|||| |||
008 201029c20149999gb zn|w s|||| 0|||b1eng d
022 |a 2055-2068 
035 |a 32141 
040 |a vLex 
090 |c 10819  |d 10819 
245 0 0 |a SOAS Law Journal  |h [Recurso electrn̤ico] / 
256 |a Servicio en ln̕ea 
260 |a Londres:  |b SOAS University of London,  |c 2014 - 
300 |a 1 recurso electrn̤ico 
310 |a Irregular 
362 |a Nð I-I (Ene. 2014) - 
506 1 |a Disponible solo en los productos indicados  |d vLex Global  |d vLex Global (Academic Edition, excluding Law Schools)  |d vLex Global (U.S. Academic Edition, Law Schools)  |d vLex Global (U.S. Academic Edition, excluding Law Schools)  |d vLex Global (Academic Edition, Law Schools) 
650 0 4 |a Derecho Civil  |z Inglaterra 
650 0 4 |a Abogados  |z Inglaterra 
650 0 4 |a Derecho Mercantil y de la Empresa  |z Inglaterra 
650 0 4 |a Derecho Laboral y Seguridad Social  |z Inglaterra 
650 0 4 |a Derecho Penal  |z Inglaterra 
650 0 4 |a Derecho Fiscal  |z Inglaterra 
650 0 4 |a Derecho Pb︢lico y Administrativo  |z Inglaterra 
650 0 4 |a Derecho Constitucional  |z Inglaterra 
650 0 4 |a Derecho del Medio Ambiente  |z Inglaterra 
740 0 |a vLex Revistas (Servicio en ln̕ea) 
856 4 0 |u http://vlex.com/source/soas-law-journal-32141  |z Acceso restringido 
942 |c REV 
999 0 |a Civil Law 
999 0 |a Lawyers 
999 0 |a Commercial and Company Law 
999 0 |a Labor Law and Social Security 
999 0 |a Criminal Law 
999 0 |a Tax Law 
999 0 |a Public and Administrative Law 
999 0 |a Constitutional Law 
999 0 |a Environmental Law